000 00787nam a2200229 4500
003 CO-ViMGA
020 _a9789588979281
040 _aCO-ViMGA
_bspa
_cCO-ViMGA
090 _aN GAM1
100 1 _aGamboa, Santiago,
_d1965-
_92509
245 1 0 _aEl síndrome de Ulises /
_cSantiago Gamboa.
260 _aBogotá :
_bPenguin Random House,
_c2016.
300 _a442 páginas ;
_b24 cm.
490 _aPlan Nacional de Lectura y Escritura Leer es mi cuento / Ministerio de cultura
650 1 4 _aAmor en la literatura
_98361
650 1 4 _aCrimen en la literatura
_98362
650 1 4 _aEmigrantes en la literatura
_98359
650 1 4 _aLiteratura colombiana
_ySiglo XX
_98269
650 1 4 _aNovela colombiana
_ySiglo XX
_98275
650 1 4 _aXenofobia en la literatura
_98360
942 _2ddc
_cBK
999 _c7578
_d7578